Okresn/á/ všeodborov/á/ konferenci/a/ - máj 1979

Podrobná bibliografia
Médium: Kniha
Jazyk:slovenčina
Vydavateľské údaje: Košice - mesto OOR 1979
Predmet:

MARC

LEADER 00000nam a2200000 a 4500
001 vtls010599109
003 SK-MaSNL
005 20260301182446.0
008 180815s1979 xo f 100 0 slo
015 |a SNBA1979 
040 |a SNK  |b slo  |c SNK  |e AACR2 
041 0 |a slo 
043 |a e-xo--- 
044 |a xo  |c SK 
080 |a 331.105.445  |2 1981 
245 0 0 |a Okresn/á/ všeodborov/á/ konferenci/a/ - máj 1979 
260 |a Košice - mesto  |b OOR  |c 1979 
648 7 |a 1979  |2 SNKPH  |9 270213 
650 0 7 |a odborové zväzy  |2 SNKPH  |9 2327 
651 7 |a Košice (Slovensko)  |2 SNK  |9 18694 
655 7 |a zborníky konferencií  |2 SNKPH  |9 70153 
958 |a OND 
958 |a RM 
999 |c 853751  |d 855681 
952 |a SNK  |b SNK  |y PREZ  |7 0  |p 17A0981510  |o snkSB 33538  |i snkKSP 2265/82  |0 0  |1 0  |4 0  |d 2014-05-27  |f 1  |l 0  |r 2025-04-08 00:00:00  |w 2026-02-24 
952 |a SNK  |b SNK  |y VYP  |7 0  |o snkSB 33538 D1  |i snkKSP 2266/82  |0 0  |1 0  |4 0  |d 2014-05-27  |l 0  |r 2026-02-24 04:49:11  |w 2026-02-24